Catálogo
 En Linea

Arbitrario de literatura mexicana / (Registro nro. 23853)

Detalles MARC
000 -CABECERA
campo de control de longitud fija 00737nam a2200229 a 4500
001 - NÚMERO DE CONTROL
campo de control 000024360
005 - FECHA Y HORA DE LA ÚLTIMA TRANSACCIÓN
campo de control 20200930022938.0
008 - DATOS DE LONGITUD FIJA--INFORMACIÓN GENERAL
campo de control de longitud fija 110126s1993 mx r 000 | spa d
020 ## - NÚMERO INTERNACIONAL ESTÁNDAR DEL LIBRO
Número Internacional Estándar del Libro 968622971x
040 ## - FUENTE DE LA CATALOGACIÓN
Centro catalogador/agencia de origen DO-SdBNP
Lengua de catalogación spa
Centro/agencia transcriptor BNPHU
082 ## - NÚMERO DE LA CLASIFICACIÓN DECIMAL DEWEY
Número de clasificación Me860.9
Número de documento/Ítem C346a
049 ## - FONDOS LOCALES (OCLC)
Fondos de biblioteca BNRG
100 1# - ENTRADA PRINCIPAL--NOMBRE DE PERSONA
Nombre de persona Castañón, Adolfo,
Fechas asociadas al nombre 1952-
9 (RLIN) 12646
245 13 - MENCIÓN DE TÍTULO
Título Arbitrario de literatura mexicana /
Mención de responsabilidad, etc. Adolfo Castañón.
260 ## - PUBLICACIÓN, DISTRIBUCIÓN, ETC.
Lugar de publicación, distribución, etc. México, D.F. :
Nombre del editor, distribuidor, etc. Vuelta,
Fecha de publicación, distribución, etc. 1993.
300 ## - DESCRIPCIÓN FÍSICA
Extensión 602 p. ;
Dimensiones 22 cm.
490 1# - MENCIÓN DE SERIE
Mención de serie La Reflexión. Paseos
Designación de volumen o secuencia 1
500 ## - NOTA GENERAL
Nota general Incluye índice onomástico y general
650 #4 - PUNTO DE ACCESO ADICIONAL DE MATERIA--TÉRMINO DE MATERIA
Término de materia o nombre geográfico como elemento de entrada Literatura mexicana
Subdivisión general Historia y crítica
9 (RLIN) 9844
650 #4 - PUNTO DE ACCESO ADICIONAL DE MATERIA--TÉRMINO DE MATERIA
Término de materia o nombre geográfico como elemento de entrada Literatura mexicana
Subdivisión cronológica SIGLO XX
9 (RLIN) 9216
830 #3 - PUNTO DE ACCESO ADICIONAL DE SERIE-TÍTULO UNIFORME
Título uniforme La Reflexión. Paseos;
Designación de volumen o secuencia 1
9 (RLIN) 49961
Existencias
Estado de retiro Estado de pérdida Restricciones de uso No para préstamo Código de colección Localización permanente Ubicación/localización actual Ubicación en estantería Fecha de adquisición Número de inventario Total de préstamos Signatura topográfica completa Código de barras Fecha visto por última vez Precio válido a partir de Tipo de ítem Koha
        Monografías: Libros y Folletos General General En catalogación 26.01.2011 LF1   Me860.9 C346a 24360-10 25.06.2020 25.06.2020 Préstamo en sala

Con tecnología Koha